| 000 | 00990cam a22002651i 4500 | ||
|---|---|---|---|
| 003 | SA-RiAUC | ||
| 005 | 20241120073916.0 | ||
| 008 | 241114s1991 le g 000 0bara c | ||
| 040 |
_aJO-MaAABU _bara _cSA-RiAUC _erda |
||
| 082 | 0 | 4 | _a239 |
| 090 |
_a239 _bش ر ا |
||
| 100 | 1 |
_aشراب، محمد محمد حسن، _d1938-2013 _eمؤلف. |
|
| 245 | 1 | 2 |
_aالمعالم الأثيرة في السنة والسيرة / _cمحمد محمد حسن شراب. |
| 264 | 1 |
_aبيروت : _bالدار الشامية، _c1991 |
|
| 300 | _a304 صفحة | ||
| 336 |
_aنص _btxt _2rdacontent _3كتاب |
||
| 337 |
_aبدون وسيط _bn _2rdamedia |
||
| 338 |
_aمجلد _bnc _2rdacarrier |
||
| 600 | 0 | 7 |
_aمحمد (صلى الله عليه وسلم)، _d53 قبل الهجرة-11 هجري _2aucnm |
| 650 | 7 |
_aالسنة _2aucsh |
|
| 650 | 7 |
_aالسيرة النبوية _2aucsh |
|
| 942 |
_2ddc _cBOOK _n0 |
||
| 949 |
_aSA-JeALM _d241114 _umohamedma123 _n1 |
||
| 999 |
_c2572 _d2572 |
||